header

The personal narrative of James O. Pattie of Kentucky (Record no. 215)

MARC details
000 -LEADER
fixed length control field 01582nam a2200361Ia 4500
100 1# - MAIN ENTRY--AUTHOR NAME
Personal name Pattie, James O.
245 14 - TITLE STATEMENT
Title The personal narrative of James O. Pattie of Kentucky
260 ## - PUBLICATION, DISTRIBUTION, ETC. (IMPRINT)
Place of publication Santa Barbara :
Name of publisher Narrative Press,
Year of publication 2001.
300 ## - PHYSICAL DESCRIPTION
Number of Pages 315 p.
500 ## - GENERAL NOTE
General note Originally pulished : Lakeside Press, 1930.
650 #0 - SUBJECT ADDED ENTRY--TOPICAL TERM
Topical Term Fredonian Insurrection, 1826-1827
Topical Term Fur trade
Topical Term Frontier and pioneer life
Topical Term Fur traders
Topical Term Indian captivities
856 40 - ELECTRONIC LOCATION AND ACCESS
Uniform Resource Identifier http://site.ebrary.com/lib/rucke/Doc?id=5003626

No items available.

© 2026 Rongo University
Contact us: librarian | system librarian | Rongo university